Fr. Conceicao Rodrigues College of Engineering

Everyday electronics data books (Record no. 22557)

MARC details
000 -LEADER
fixed length control field 00334nam a2200145Ia 4500
082 ## - DEWEY DECIMAL CLASSIFICATION NUMBER
Classification number 621.3843
Item number MEK
100 ## - MAIN ENTRY--PERSONAL NAME
Personal name Mike tooley ba
245 ## - TITLE STATEMENT
Title Everyday electronics data books
260 ## - PUBLICATION, DISTRIBUTION, ETC.
Name of publisher, distributor, etc. BPB Publication
Place of publication, distribution, etc. New Delhi
Date of publication, distribution, etc. 1990
300 ## - PHYSICAL DESCRIPTION
Extent 250
546 ## - LANGUAGE NOTE
Language note ENGLISH
654 ## - SUBJECT ADDED ENTRY--FACETED TOPICAL TERMS
Focus term electronics data books
942 ## - ADDED ENTRY ELEMENTS (KOHA)
Koha item type BOOK
Holdings
Withdrawn status Lost status Damaged status Not for loan Collection Home library Current library Date acquired Source of acquisition Cost, normal purchase price Inventory number Total Checkouts Full call number Barcode Date last seen Cost, replacement price Price effective from Koha item type
        CRC Fr. Agnel's C.Rodrigues College of Engineering Fr. Agnel's C.Rodrigues College of Engineering 17/03/2023 Progressive Books 36.00 B91129   621.3843 MEK 3379 17/03/2023 36.00 17/03/2023 BOOK